[Event "Kreis-Mitte-EM"]
[Site "Zirndorf"]
[Date "2013.01.05"]
[Round "5.13"]
[White "Dreiseitel, Ursula"]
[Black "Thürauf, Peter"]
[Result "1/2-1/2"]
[WhiteElo "1310"]
[BlackElo "1828"]
[PlyCount "22"]
[EventDate "2013.??.??"]
[WhiteTeam "Nürnberg Noris-Tarr. SC"]
[BlackTeam "Nürnberg Süd SW"]

1. d4 d5 2. Nf3 Nf6 3. c4 c6 4. Nc3 dxc4 5. e4 e6 6. Bxc4 Nbd7 7. a3 Be7 8. O-O
O-O 9. Bg5 h6 10. Bh4 Nb6 11. Ba2 Ne8 1/2-1/2

[Event "Kreis-Mitte-EM"]
[Site "Zirndorf"]
[Date "2013.01.05"]
[Round "5.14"]
[White "Weißmann, Peter"]
[Black "Drees, Martin"]
[Result "1-0"]
[WhiteElo "1750"]
[BlackElo "1629"]
[PlyCount "49"]
[EventDate "2013.??.??"]
[WhiteTeam "Zirndorf SK"]
[BlackTeam "Cadolzburg TSV"]

1. e4 e5 2. d4 exd4 3. Bc4 Bb4+ 4. c3 dxc3 5. bxc3 Bc5 6. Bxf7+ Kxf7 7. Qd5+
Ke8 8. Qxc5 d6 9. Qh5+ g6 10. Qd1 Qe7 11. Ne2 Qxe4 12. O-O Qc6 13. Qd4 Nf6 14.
Qxf6 Rf8 15. Qg7 Qc4 16. Nd4 Rf7 17. Re1+ Kd7 18. Qg8 c5 19. Qe8+ Kc7 20. Nb5+
Kb6 21. N1a3 Qd5 22. Qxc8 a6 23. Qd8+ Kc6 24. c4 Qf5 25. Qxd6# 1-0

[Event "Kreis-Mitte-EM"]
[Site "Zirndorf"]
[Date "2013.01.05"]
[Round "5.15"]
[White "Berntgen, Henri"]
[Black "Dreiseitel, Werner"]
[Result "1/2-1/2"]
[WhiteElo "1652"]
[BlackElo "1521"]
[PlyCount "51"]
[EventDate "2013.??.??"]
[WhiteTeam "Nürnberg Süd SW"]
[BlackTeam "Nürnberg Noris-Tarr. SC"]

1. b4 d5 2. e3 Bf5 3. Bb2 c6 4. a4 a6 5. c4 e6 6. Qb3 Nd7 7. Nf3 Ngf6 8. Ne5
Nxe5 9. Bxe5 Bd6 10. Bxd6 Qxd6 11. c5 Qc7 12. d4 O-O 13. Bd3 Bxd3 14. Qxd3 e5
15. Nd2 exd4 16. Qxd4 Rfe8 17. h4 Qe5 18. Qxe5 Rxe5 19. Nf3 Re4 20. Nd4 Rae8
21. Kd2 g6 22. Rab1 Nd7 23. g3 Ne5 24. Rb3 Nc4+ 25. Kc1 R4e7 26. Rg1 1/2-1/2

[Event "Kreis-Mitte-EM"]
[Site "Zirndorf"]
[Date "2013.01.05"]
[Round "5.16"]
[White "Ratscheu, Stefan"]
[Black "Mantel, Hubert"]
[Result "1/2-1/2"]
[WhiteElo "1539"]
[BlackElo "1628"]
[PlyCount "30"]
[EventDate "2013.??.??"]
[WhiteTeam "Postbauer-Heng SC"]
[BlackTeam "Nürnberg Zabo Spvg"]

1. e4 d6 2. Nf3 g6 3. d4 Bg7 4. Nc3 Nf6 5. Be2 O-O 6. O-O Nbd7 7. Bf4 Re8 8.
Bg3 Nh5 9. h3 Nxg3 10. fxg3 c5 11. Kh1 cxd4 12. Nxd4 Nc5 13. Bc4 Rf8 14. Qd2 a6
15. Rad1 Qc7 1/2-1/2

[Event "Kreis-Mitte-EM"]
[Site "Zirndorf"]
[Date "2013.01.05"]
[Round "5.17"]
[White "Weidenhöfer, Robert"]
[Black "Pörzgen, Michael"]
[Result "1/2-1/2"]
[WhiteElo "1469"]
[BlackElo "1606"]
[PlyCount "44"]
[EventDate "2013.??.??"]
[WhiteTeam "Nürnberg Süd SW"]
[BlackTeam "Nürnberg Süd SW"]

1. f4 Nf6 2. b3 g6 3. Bb2 Bg7 4. Nf3 d6 5. e3 O-O 6. Be2 Re8 7. O-O e5 8. fxe5
Ng4 9. Bc4 d5 10. Be2 Nxe5 11. Nxe5 Bxe5 12. Bxe5 Rxe5 13. Bf3 Bf5 14. c4 Be4
15. d4 Re7 16. Nc3 c6 17. Bxe4 dxe4 18. Qg4 Kh8 19. Qh4 Nd7 20. Nxe4 f5 21. Ng5
Nf6 22. h3 Qe8 1/2-1/2